00300 a2200121 4500003000400000005001700004008004100021040000900062082002000071245004200091260003700133300000800170OSt20231108142304.0231108b |||||||| |||| 00| 0 eng d coclc a894.8124bMUH/M aMatham Mathatheevravadam Mathamaythri aKerala:bSamanwayam booksc2002. a78p